000 00869nam a22002537a 4500
005 20240530110921.0
008 220221s2006 ua a g b 000 0 ara d
017 _a2006/11294
020 _a9770314595
040 _aEG-CaGPL
_cEG-CaGPL
082 0 4 _221
_a342.084 \
_bا ج
100 0 _aاميرة عدلى امير
245 1 0 _aجريمة اجهاض الحامل فى التقنينات المستحدثة /
_cاميرة عدلى امير
250 _aط.1
260 _aالاسكندرية :
_bمنشأة المعارف ،
_c2006
300 _a312 ص؛
_c24 سم
650 0 7 _aالاجهاض
_2qrmak
650 0 7 _aالتلقيح الصناعى
_2qrmak
650 0 7 _aتاجير الارحام
_2qrmak
650 0 7 _aالاغتصاب
_2qrmak
650 0 7 _aبنوك الاجنة
_2qrmak
942 _2ddc
_cBK
999 _c66477
_d66477